00456nam a2200169Ia 450000500170000000800410001704000190005804100120007708200240008924500400011326000320015330000170018565000370020265100180023970000190025785000100027620260402112128.0131103s9999 xx 000 0 und d aLoreto College aEnglish a822.33(ID)bJUL-DOR aJulius CaesarcEdited by T.S.Dorsch aLondonbmethuen & co.c1962 alxxi,166 p.  aShakespeare, William - criticism aEnglish Drama aDorch,T.S.,ed. aLCBED